Lectura de manuscritos (Record no. 211704)

MARC details
000 -CABECERA
campo de control de longitud fija 00955nam a22002537a 4500
003 - IDENTIFICADOR DEL NÚMERO DE CONTROL
campo de control MX-MxUPN
005 - FECHA Y HORA DE LA ÚLTIMA TRANSACCIÓN
campo de control 20240830122851.0
008 - ELEMENTOS DE LONGITUD FIJA--INFORMACIÓN GENERAL
campo de control de longitud fija 240830q1898 sp a|||fr|||| 001 0 spa d
040 ## - FUENTE DE LA CATALOGACIÓN
Centro catalogador/agencia de origen MX-MxUPN
Lengua de catalogación spa
Centro/agencia transcriptor MX-MxUPN
041 ## - CÓDIGO DE IDIOMA
Código de lengua del texto/banda sonora o título independiente spa
050 #4 - SIGNATURA TOPOGRÁFICA DE LA BIBLIOTECA DEL CONGRESO
Número de clasificación LB1139 W7
Número de documento/Ítem F44
100 1# - ASIENTO PRINCIPAL--NOMBRE PERSONAL
9 (RLIN) 52415
Nombre de persona Flores González, Pedro
245 ## - MENCIÓN DE TÍTULO
Título Lectura de manuscritos
250 ## - MENCIÓN DE EDICIÓN
Mención de edición Séxta edición
260 ## - PUBLICACIÓN, DISTRIBUCIÓN, ETC.
Lugar de publicación, distribución, etc. Madrid :
Nombre del editor, distribuidor, etc. Imprenta de E. [Rubiños],
Fecha de publicación, distribución, etc. [1898].
300 ## - DESCRIPCIÓN FÍSICA
Extensión 133 páginas :
Otras características físicas ilustraciones
500 ## - NOTA GENERAL
Nota general "Contiene estilo de cartas, modelos de facturas, recibos, pagarés y documentos útiles que pueden redactarse sin necesidad de notario ni abogado"
500 ## - NOTA GENERAL
Nota general "Aprobada de texto para los establecimientos públicos de primera enseñanza"
504 ## - NOTA DE BIBLIOGRAFÍA, ETC.
Nota de bibliografía, etc. Incluye índice.
650 #0 - ASIENTO SECUNDARIO DE MATERIA - TERMINO TEMATICO
9 (RLIN) 13110
Término de materia o nombre geográfico como elemento de entrada Escritura
Subdivisión general Enseñanza correctiva
650 #4 - ASIENTO SECUNDARIO DE MATERIA - TERMINO TEMATICO
9 (RLIN) 2804
Término de materia o nombre geográfico como elemento de entrada Escritura
Subdivisión general Estudio y enseñanza (Elemental)
902 ## - ELEMENTOS DE DATOS B LOCAL, LDB (RLIN)
Modificó MaríaRobles/300824
942 ## - ELEMENTOS DE PUNTO DE ACCESO ADICIONAL (KOHA)
Fuente del sistema de clasificación o colocación Library of Congress Classification
Tipo de ítem Koha Libro
Suprimir en OPAC No
Holdings
Estado de retiro Estado de pérdida Fuente del sistema de clasificación o colocación Estado dañado No para préstamo Código de colección Localización permanente Ubicación/localización actual Ubicación en estantería Fecha de adquisición Total de préstamos Clasificación Código de barras Fecha visto por última vez Precio válido a partir de Tipo de ítem Koha
    Library of Congress Classification   Disponible (Previa cita) Fondo Reservado de libros Bib. Gregorio Torres Quintero Bib. Gregorio Torres Quintero Sala de Fondos Reservados Planta alta 30/08/2024   LB1139 W7 F44 121998 30/08/2024 30/08/2024 Libro